Strategické podnikatelské jednotky - nový styl vnitropodnikového řízení
Čo sú strategické podnikateľské jednotky (SBU - Strategic Business Units). Riadenie pomocou SBU. Štýl riadenia a kultúra SBU. Vhodnosť a nevhodnosť uplatnenia riadenia pomocou SBU. Projektovanie organizačných štruktúr pomocou SBU.
Na minha lista:
| Autor principal: | |
|---|---|
| Formato: | Capítulo de Livro |
| Idioma: | tcheco |
| Assuntos: | |
| Tags: |
Sem tags, seja o primeiro a adicionar uma tag!
|
MARC
| LEADER | 00000naa a2200000 4500 | ||
|---|---|---|---|
| 001 | r016627 | ||
| 005 | 20221205090657.4 | ||
| 041 | 0 | |a cze | |
| 044 | |a CZ | ||
| 245 | 1 | 0 | |a Strategické podnikatelské jednotky - nový styl vnitropodnikového řízení |c J. Dědina |
| 520 | |a Čo sú strategické podnikateľské jednotky (SBU - Strategic Business Units). Riadenie pomocou SBU. Štýl riadenia a kultúra SBU. Vhodnosť a nevhodnosť uplatnenia riadenia pomocou SBU. Projektovanie organizačných štruktúr pomocou SBU. | ||
| 610 | 2 | 0 | |a riadenie vnútropodnikové |
| 610 | 2 | 0 | |a štruktúra podniku organizačná |
| 610 | 2 | 0 | |a delegovanie právomoci |
| 610 | 2 | 0 | |a projektovanie |
| 610 | 2 | 0 | |a organizácia podniku |
| 610 | 2 | 0 | |a organizácia riadenia |
| 100 | 1 | |a Dědina, Jiří | |